| 000 | 01094nam a2200229 i 4500 | ||
|---|---|---|---|
| 001 | 173673 | ||
| 003 | ES-MaACL | ||
| 005 | 20240423175152.0 | ||
| 007 | t| | ||
| 008 | 091229s18781879sp |||| | spa d | ||
| 110 | 2 |
_aReal Academia de Ciencias Exactas, Físicas y Naturales de España. _9175635 |
|
| 245 | 1 | 0 |
_aMemorias de la Real Academia de Ciencias _g1878-1879. |
| 260 |
_aMadrid : _b[s.n.], _c1878 (Imp. de la Viuda de Aguado e Hijos) |
||
| 300 |
_av. ; _c28 cm. |
||
| 505 | 8 |
_aContiene: T. VIII ; _tEstudiar los alimentos que consume la clase labradora y los braceros en algunas de las provincias de España, comprendiendo este estudio el de todos los alimentos consumidos bajo el punto de vista de su "equivalente alimenticio" / _rManuel Sáez Díez (316 p.). -- _tEstudios sobre el tanino / _rCarlos Castel (154 p.). |
|
| 650 | 4 |
_aAlimentación- _zEspaña- _vHistoria. _9161013 |
|
| 650 | 0 | 4 |
_aTaninos. _917280 |
| 700 | 1 |
_aSáez Díez, Manuel. _9141865 |
|
| 700 | 1 |
_aCastel y Clemente, Carlos, _d1845-1903 _936472 |
|
| 852 |
_aES-MaACL _jK-223 |
||
| 999 |
_c173673 _d173673 |
||